| 000 | 00442nam a2200157 i 4500 | ||
|---|---|---|---|
| 001 | 41088 | ||
| 003 | ES-MaACL | ||
| 005 | 20230906160354.0 | ||
| 007 | t| | ||
| 008 | 030307s1967 sp ||||1| cat d | ||
| 100 | 1 |
_aCarmona, Angel. _935333 |
|
| 245 | 1 | 0 |
_aDues catalunyes _b: jocfloralescos i xarons / _cAngel Carmona. |
| 260 |
_aBarcelona : _bAriel, _c[1967] |
||
| 300 |
_a226 p., 6 lám. ; _c22 cm. |
||
| 852 |
_aES-MaACL _jC-32051 _bR.62735 |
||
| 999 |
_c41088 _d41088 |
||